Statistieken voor Vlaggen met het Meeste Zwart

Klik hier om de quiz te nemen!

Algemene statistieken

  • Deze quiz is 3.303 keer genomen
    (2.915 sinds de laatste reset)
  • De gemiddelde score is 12 van 14

Antwoordstatistieken

Antwoord% Correct
België
99%
Duitsland
99%
Estland
95%
Jamaica
94%
Egypte
93%
Irak
89%
Syrië
86%
Kenia
85%
Angola
78%
Oeganda
76%
Jemen
75%
Tanzania
67%
Libië
66%
Papoea-Nieuw-Guinea
65%

Scoreverdeling

Percentiel versus Aantal Correcte Antwoorden

Procent van Mensen met Elke Score

Uw Scoregeschiedenis

U heeft deze quiz nog niet genomen sinds de laatste reset